Normale Ansicht MARC-Ansicht ISBD

Soviet Documents on Foreign Policy (Titelsatznr. 26845)

[ MARC ]
MARC-Details
000 -Satzkennung
Kontrollfeld mit fester Länge 00465nam a22001571cc4500
001 - Kontrollnummer
Kontrollfeld asovdoc+Volume2
035 ## - Systemkontrollnummer
System-Kontrollnummer asovdoc
008 - Feld mit fester Länge zur physischen Beschreibung - Allgemeine Angaben
Kontrollfeld mit fester Länge 170707s1951 gw |||| 000u eng d
040 ## - Katalogisierungsquelle
Übertragungsstelle RU-10907106
003 - Kontrollnummer Identifier
Kontrollfeld RU-10907106
245 00 - Titel
Titel Soviet Documents on Foreign Policy
Zählung des Teils/der Abteilung eines Werkes Volume 2
Titel eines Teils/einer Abteilung eines Werkes 1925-1932
264 ## - Produktion, Veröffentlichung, Distribution, Herstellung und Urheberrechtsvermerk
Herstellungs-, Veröffentlichungs- Vertriebs-, Erzeugungsort Oxford :
Produzent, Herausgeber, Distributor, Hersteller Oxford University Press,
Datum der Herstellung, der Veröffentlichung, des Vertriebs oder des Urheberschutzvermerks 1951
246 12 - Titelvarianten
Hauptsachtitel/Kurztitel Soviet Documents on Foreign Policy. 1925-1932
Zählung des Teils/der Abteilung eines Werkes Volume 2
773 08 - Übergeordnete Einheit
Datensatzkontrollnummer asovdoc
Zählung und erste Seite Volume2
942 ## - Zusätzliche Felder (Koha)
Koha-Medientyp Monographien
Exemplare
Ausgeschieden Verloren Klassifikation oder Aufstellungssystematik Beschädigt Nicht entleihbar Heimatbibliothek Aufenthaltsbibliothek Aufstellungsort Erwerbungsdatum Inventarnummer Signatur Barcode Letzte Aktivität Preis gültig von Koha-Medientyp
    Andere/Generische Klassifikation     MWN Osteuropa MWN Osteuropa Magazin - 2 07/07/2017 06-03440 R 62 c Deg 1 (2) E00401507909A846 12/09/2020 22/03/2021 Monographien